Gumrah / (Record no. 45884)

MARC details
000 -LEADER
fixed length control field 01183nji a22003017a 4500
005 - DATE AND TIME OF LATEST TRANSACTION
control field 20100915115027.0
006 - FIXED-LENGTH DATA ELEMENTS--ADDITIONAL MATERIAL CHARACTERISTICS--GENERAL INFORMATION
fixed length control field a|||||r|||||00| 0
007 - PHYSICAL DESCRIPTION FIXED FIELD--GENERAL INFORMATION
fixed length control field sd ammalaaahaa
008 - FIXED-LENGTH DATA ELEMENTS--GENERAL INFORMATION
fixed length control field 100830t xxu||||| |||| 00| 0 eng d
028 ## - PUBLISHER NUMBER
Publisher number TAE. 1122
Source Odeon
035 ## - SYSTEM CONTROL NUMBER
System control number GR-02558
040 ## - CATALOGING SOURCE
Original cataloging agency SED
Transcribing agency SED
100 ## - MAIN ENTRY--PERSONAL NAME
9 (RLIN) 17455
Personal name Bhosle, Asha
245 ## - TITLE STATEMENT
Title Gumrah /
Statement of responsibility, etc by Asha Bhosle & Mahendra kapoor ; music Ravi ; lyrics Sahir luhianvi
Medium [sound recording] :
246 ## - VARYING FORM OF TITLE
Title proper/short title गुमराह (आशा भोसले & महेंद्र कपूर)
260 ## - PUBLICATION, DISTRIBUTION, ETC. (IMPRINT)
Place of publication, distribution, etc India
Name of publisher, distributor, etc Odeon
Date of publication, distribution, etc 1963
300 ## - PHYSICAL DESCRIPTION
Extent 1 sound disc [Gramophone Recording]:
Other physical details analog, 45 rpm
Dimensions 7 in. (LP)
Type of unit Gramophone Record
500 ## - GENERAL NOTE
General note Brief Record
500 ## - GENERAL NOTE
General note Odeon
500 ## - GENERAL NOTE
General note Black
505 ## - FORMATTED CONTENTS NOTE
Formatted contents note Side-1 Tujhko mera pyaar pukaare (तुझको मेरा प्यार पुकारे), Side-2 Aa bhi jaa (आ भी जा)
650 ## - SUBJECT ADDED ENTRY--TOPICAL TERM
Topical term or geographic name as entry element Classical music
Geographic subdivision India
9 (RLIN) 1186
General subdivision Excerpts
Form subdivision Film song
700 ## - ADDED ENTRY--PERSONAL NAME
9 (RLIN) 18874
Personal name kapoor, Mahendra
700 ## - ADDED ENTRY--PERSONAL NAME
9 (RLIN) 20130
Personal name Ravi
700 ## - ADDED ENTRY--PERSONAL NAME
9 (RLIN) 20131
Personal name Sahir luhianvi
942 ## - ADDED ENTRY ELEMENTS (KOHA)
Source of classification or shelving scheme Dewey Decimal Classification
Item type Gramaphone Records
Holdings
Withdrawn status Lost status Source of classification or shelving scheme Damaged status Not for loan Collection code Home library Current library Date acquired Source of acquisition Total Checkouts Barcode Date last seen Copy number Price effective from Koha item type
    Dewey Decimal Classification   Not For Loan Non-fiction Central Library Central Library 15/09/2010 SED/VEN   GR-02558 15/09/2010 1 15/09/2010 Gramaphone Records

© Delhi Public Library
Hit Counter
free hit counter